LDR 00916nam a2200241 i 4500 001 000000073522 003 CaOOAMICUS 005 20260526115801.0 008 090706s1965 it u000 u ita u 013 $a44694 040 $aSeMil$bita 100 1 $aRosmini, Antonio,$c
.$0(OLS)http://semarc/name/405 245 13$aLe nozioni di peccato e colpa /$cAntonio Rosmini. 260 $aPadova :$bCEDAM,$c1965. 300 $aP. 256-444 ;$c25 cm. 773 0 $aRosmini, Antonio
$tOpuscoli morali.$dPadova : CEDAM, 1965.$g2$w()21633 850 $aSeMil 852 $aSeMil$W1$xVenegono$y1$m2QA A 32$j272495$B39674$CSeMilBibl$Z2$F39678 $81 900 1 $aRosmini Serbati, Antonio. 996 $6245$aLe nozioni di peccato e colpa$9(OLS)http://semarc/title/118721 996 $6260$aPadova :$bCEDAM$9(OLS)http://semarc/publisher/30274